00320nam a2200133Ia 45000030006000000080041000060400015000471000014000622450042000762500011001182600028001295460012001570050017001690STCL150530s9999 xx 000 0 und d aSTCLcSTCL aJohn Pick aGerard Manley Hopkins priest and poet aSecond bOxford universityc1966 aEnglish20220125170855.0